000 00299nam a2200121 i 4500
001 bg
245 0 _aTerapia grupowa w psychiatrii /
_cp. red. H. Wardaszko-Ɓyskowskiej.
260 _aWarszawa,
_c1973.
040 _cBPK
041 _apol
942 _cKS
008 s pl f |000 0 pol
999 _c21379
_d21379
856 _uhttp://koha.tu.koszalin.pl/cgi-bin/koha/opac-detail.pl?biblionumber=21379
_yKatalog online BPK